UM Logo

Management accounting: (Record no. 289)

MARC details
000 -LEADER
fixed length control field 00769nam a2200205 4500
008 - FIXED-LENGTH DATA ELEMENTS--GENERAL INFORMATION
fixed length control field 151127b xxu||||| |||| 00| 0 eng d
020 ## - INTERNATIONAL STANDARD BOOK NUMBER
International Standard Book Number 9789719919551
082 ## - DEWEY DECIMAL CLASSIFICATION NUMBER
Edition number 2014
Classification number DFil 658.1511
Item number C112
100 ## - MAIN ENTRY--PERSONAL NAME
9 (RLIN) 661
Personal name Cabrera, Ma. Elenita B.
245 ## - TITLE STATEMENT
Title Management accounting:
Remainder of title concepts and applications/
Statement of responsibility, etc. Ma. Elenita B. Cabrera.
250 ## - EDITION STATEMENT
Edition statement 2014 Edition
260 ## - PUBLICATION, DISTRIBUTION, ETC. (IMPRINT)
Place of publication, distribution, etc. Philippines:
Name of publisher, distributor, etc. GIC Enterprises & Co., Inc.,
Date of publication, distribution, etc. c2014.
300 ## - PHYSICAL DESCRIPTION
Extent xx, 1057 pages:
Other physical details Illustrations;
Dimensions 23 cm.
500 ## - GENERAL NOTE
General note Includes appendix and references
650 #0 - SUBJECT ADDED ENTRY--TOPICAL TERM
9 (RLIN) 10266
Topical term or geographic name as entry element Management accounting
650 #0 - SUBJECT ADDED ENTRY--TOPICAL TERM
9 (RLIN) 665
Topical term or geographic name as entry element Management Accounting
General subdivision Problems, Exercises, etc.
650 #0 - SUBJECT ADDED ENTRY--TOPICAL TERM
9 (RLIN) 666
Topical term or geographic name as entry element Managerial Accounting
650 #0 - SUBJECT ADDED ENTRY--TOPICAL TERM
9 (RLIN) 667
Topical term or geographic name as entry element Managerial Accounting
General subdivision Problems, Exercises, etc.
942 ## - ADDED ENTRY ELEMENTS (KOHA)
Source of classification or shelving scheme Dewey Decimal Classification
Koha item type Filipiniana
Holdings
Withdrawn status Lost status Source of classification or shelving scheme Damaged status Not for loan Collection code Home library Current library Shelving location Date acquired Source of acquisition Total Checkouts Full call number Barcode Date last seen Date last checked out Price effective from Koha item type
    Dewey Decimal Classification     Filipiniana UM Digos College - LIC UM Digos College - LIC Book Cart 08/28/2015 Purchased 40 DFil 658.1511 C112 2014 23491 05/15/2025 05/13/2025 11/27/2015 Filipiniana